<?xml version="1.0" encoding="UTF-8"?>
<record
    xmlns:xsi="http://www.w3.org/2001/XMLSchema-instance"
    xsi:schemaLocation="http://www.loc.gov/MARC21/slim http://www.loc.gov/standards/marcxml/schema/MARC21slim.xsd"
    xmlns="http://www.loc.gov/MARC21/slim">

  <leader>01802nab a2200265 i 4500</leader>
  <controlfield tag="003">BR-BrBNA</controlfield>
  <controlfield tag="005">20250815094432.0</controlfield>
  <controlfield tag="008">250815b2020    bl.ar|pooa||| 00| 0 eng |</controlfield>
  <datafield tag="040" ind1=" " ind2=" ">
    <subfield code="a">BR-BrBNA</subfield>
    <subfield code="b">eng</subfield>
  </datafield>
  <datafield tag="072" ind1=" " ind2=" ">
    <subfield code="a">F70</subfield>
  </datafield>
  <datafield tag="100" ind1=" " ind2=" ">
    <subfield code="a">Silva, Cristiano Santana da</subfield>
  </datafield>
  <datafield tag="100" ind1=" " ind2=" ">
    <subfield code="a">Pereira, Maryana Borges </subfield>
  </datafield>
  <datafield tag="100" ind1=" " ind2=" ">
    <subfield code="a">Pereira, Jadergudson </subfield>
  </datafield>
  <datafield tag="245" ind1=" " ind2=" ">
    <subfield code="a">New accounts on Hypoxylaceae and Xylariaceae from Brazil</subfield>
  </datafield>
  <datafield tag="500" ind1=" " ind2=" ">
    <subfield code="a">Publica&#xE7;&#xE3;o on-line; 32 ref.; 2 illus.; Summaries (En, Pt)</subfield>
  </datafield>
  <datafield tag="520" ind1=" " ind2=" ">
    <subfield code="a">

Abstract

This work aims to bring new reports of Hypoxylaceae and Xylariaceae from Brazil. The collections were
performed in cocoa plantations in Ilh&#xE9;us, Bahia, Brazil. Six new occurrences of Hypoxylaceae and two
Xylariaceae species are reported to Brazil, Northeast and/or Bahia. A dichotomous key to the species treated
is provided.

Key words: Ascomycota, Cocoa plantations, Hypoxylaceae, Xylariaceae.




Resumo

O objetivo deste trabalho &#xE9; trazer novos relatos de Hypoxylaceae e Xylariaceae para o Brasil. As coletas
foram realizadas em planta&#xE7;&#xF5;es de cacau em Ilh&#xE9;us, Bahia, Brasil. Seis novas ocorr&#xEA;ncias de Hypoxylaceae
e duas de Xylariaceae s&#xE3;o reportadas para o Brasil, Nordeste e/ou Bahia. Uma chave dicot&#xF4;mica das esp&#xE9;cies
tratadas &#xE9; disponibilizada.

Palavras-chave: Ascomycota, planta&#xE7;&#xF5;es de Cacau, Hypoxylaceae, Xylariaceae.</subfield>
  </datafield>
  <datafield tag="650" ind1=" " ind2=" ">
    <subfield code="a">PLANTIO</subfield>
  </datafield>
  <datafield tag="650" ind1=" " ind2=" ">
    <subfield code="a">CACAU</subfield>
  </datafield>
  <datafield tag="650" ind1=" " ind2=" ">
    <subfield code="a">TAXONOMIA</subfield>
  </datafield>
  <datafield tag="650" ind1=" " ind2=" ">
    <subfield code="a">ESP&#xC9;CIE</subfield>
  </datafield>
  <datafield tag="773" ind1="0" ind2=" ">
    <subfield code="0">709</subfield>
    <subfield code="9">353216</subfield>
    <subfield code="d">Rio de Janeiro-RJ Jardim Botanico do Rio de Janeiro 1935</subfield>
    <subfield code="o">2025-4473</subfield>
    <subfield code="t">Rodrigu&#xE9;sia (Brazil)</subfield>
    <subfield code="x">0370-6583; 2175-7860 on-line</subfield>
    <subfield code="g">v. 71 p. 1-10; (2020)</subfield>
    <subfield code="w">BR2025001686</subfield>
  </datafield>
  <datafield tag="856" ind1=" " ind2=" ">
    <subfield code="u">https://www.scielo.br/j/rod/a/ywtdK8hMcF7X5TWWtfTSYXC/?format=pdf&amp;lang=en</subfield>
  </datafield>
  <datafield tag="942" ind1=" " ind2=" ">
    <subfield code="c">ANA</subfield>
  </datafield>
  <datafield tag="999" ind1=" " ind2=" ">
    <subfield code="c">337635</subfield>
    <subfield code="d">337635</subfield>
  </datafield>
</record>
